Sports Quiz

Random Sports or NFL Quiz

Tony Romo Touchdown Receivers Quiz Stats

 Plays Quiz Updated Apr 4, 2017

Support Sporcle.
Go Orange.
Score 0/24 Timer 07:00
0 Plays Today
Season Receiver % Correct
2015Dez Bryant
95.7%
2015Jason Witten
90.5%
2016Terrance Williams
71.3%
2010Roy Williams
70.3%
2008Terrell Owens
67.1%
2014Cole Beasley
56.9%
2012Miles Austin
53.5%
2013DeMarco Murray
51.3%
2012Felix Jones
49.2%
2008Marion Barber
32.5%
2015Gavin Escobar
26.4%
2008Martellus Bennett
21.7%
Season Receiver % Correct
2006Terry Glenn
20%
2013Dwayne Harris
13.7%
2009Patrick Crayton
12.4%
2011Laurent Robinson
11%
2008Deon Anderson
8.5%
2007Anthony Fasano
7.5%
2009Sam Hurd
7.3%
2012Kevin Ogletree
7.1%
2012John Phillips
5%
2010Chris Gronkowski
3.9%
2014Tyler Clutts
3.2%
2007Tony Curtis
2.4%

You're not logged in!

Compare scores with friends on all Sporcle quizzes.
OR
Log In
Forgot?

From the Vault

Celebrity Siblings III

by sproutcm

We didn't know some of these celebrities had siblings, let alone famous ones!
Remove Ads.
Support Sporcle.
Get the best of Sporcle when you Go Orange. This ad-free experience offers more features, more stats, and more fun while also helping to support Sporcle. Thank you for becoming a member.

Show Comments

Extras

Top Quizzes Today


Score Distribution

Your Account Isn't Verified!

In order to create a playlist on Sporcle, you need to verify the email address you used during registration. Go to your Sporcle Settings to finish the process.

Report this User

Report this user for behavior that violates our Community Guidelines.

Details: